Φαγητά που αρχίζουν από Π #2 (με εικόνες) - Statistics

General Stats
  • This quiz has been taken 337 times
  • The average score is 12 of 14
Answer Stats
Picture Hint Answer % Correct
(Φρούτο) Πορτοκάλι
100%
(Ιταλικό φαγητό) Πίτσα
100%
(Λαχανικό) Πιπεριά
99%
(Ελληνικό παραδοσιακό φαγητό) Παστίτσιο
98%
(Απαραίτητη για το σουβλάκι) Πίτα
97%
(Γλυκό υψηλής ενεργειακής αξίας) Παστέλι
94%
(Μπαχαρικό από πιπεριές) Πάπρικα
87%
(Μπορεί να είναι Πεκίνου...) Πάπια
85%
(Μέρος κρέατος για μπάρμπεκιου) Παϊδάκια
84%
(Εξωτικό φρούτο) Παπάγια
83%
(Γερμανικό αρτοσκεύασμα) Πρέτσελ
77%
(Ιταλικό αλλαντικό) Προσούτο
77%
(Σπόρος) Παπαρουνόσπορος
56%
(Μοδάτο λαχανικό) Παστινάκι
21%
No matching quizzes found
Score Distribution
Percent of People with Each Score
Percentile by Number Answered
Your Score History
You have not taken this quiz